An introduction to the legal system in East Africa/ (Record no. 1176)

000 -LEADER
fixed length control field 00562nam a22001817a 4500
003 - CONTROL NUMBER IDENTIFIER
control field OSt
005 - DATE AND TIME OF LATEST TRANSACTION
control field 20140116120847.0
008 - FIXED-LENGTH DATA ELEMENTS--GENERAL INFORMATION
fixed length control field 130701b xxu||||| |||| 00| 0 eng d
050 ## - LIBRARY OF CONGRESS CALL NUMBER
Classification number K240.H3 1975
100 ## - MAIN ENTRY--PERSONAL NAME
Personal name Harvey, William Burnett.
245 ## - TITLE STATEMENT
Title An introduction to the legal system in East Africa/
Remainder of title William Harvey Burnett.
260 ## - PUBLICATION, DISTRIBUTION, ETC. (IMPRINT)
Place of publication, distribution, etc Nairobi;
Name of publisher, distributor, etc Kenya Literature Bureau,
Date of publication, distribution, etc c1975.
300 ## - PHYSICAL DESCRIPTION
Extent xxxiii, 902p:
504 ## - BIBLIOGRAPHY, ETC. NOTE
Bibliography, etc Includes index and bibliographical references.
650 ## - SUBJECT ADDED ENTRY--TOPICAL TERM
Topical term or geographic name as entry element Law--East Africa
650 ## - SUBJECT ADDED ENTRY--TOPICAL TERM
Topical term or geographic name as entry element Law--Africa--Cases
942 ## - ADDED ENTRY ELEMENTS (KOHA)
Source of classification or shelving scheme
Koha item type Book
Holdings
Withdrawn status Lost status Source of classification or shelving scheme Damaged status Not for loan Home library Current library Date acquired Cost, normal purchase price Total Checkouts Total Renewals Full call number Barcode Date last seen Date checked out Copy number Price effective from Koha item type Shelving location Source of acquisition
          Riara University Library Riara University Library 01/07/2013 3000.00 26 4 K240.H3 1975 4251/13 09/08/2019 12/07/2019 C.4 01/07/2013 Book    
          Riara University Library Riara University Library 01/07/2013 3000.00 18 2 K 240 .H3 1975 4247/13 22/08/2016 15/08/2016 C.5 01/07/2013 Book    
          Riara University Library Riara University Library 01/07/2013 3000.00 21 4 K 240 .H3 1975 4248/13 24/11/2017 03/11/2017 C.3 01/07/2013 Book    
          Riara University Library Riara University Library 01/07/2013 3000.00 13   K 240 .H3 1975 4249/13 06/01/2020 09/12/2019 C.2 01/07/2013 Book on Shortloan Short Loan  
          Riara University Library Riara University Library 01/07/2013 3000.00 11   K 240 .H3 1975 4250/13 09/07/2025 19/03/2024 C.1 01/07/2013 Book on Shortloan Short Loan  
          Riara University Library Riara University Library 14/01/2014 3300.00 17 2 K240.H3 1975 4290/13 29/08/2019 15/08/2019 C.6 14/01/2014 Book   Purchase
          Riara University Library Riara University Library 14/01/2014 3300.00 22 2 K240.H3 1975 4292/13 03/08/2022 08/06/2022 C.7 14/01/2014 Book   Purchase
          Riara University Library Riara University Library 14/01/2014 3300.00 11   K240.H3 1975 4289/13 30/04/2024 18/01/2024 C.8 14/01/2014 Book   Purchase

Riara University Library,
P.O. Box 49940-00100,
Nairobi, Kenya.